Capitales des pays participants à la coupe du monde de foot 2022 - Statistiques

Statistiques générales
  • Ce quiz a été pris 141 fois
  • Le résultat moyen est 23 sur 32
Statistiques - réponses
Capitales % Correct
Paris
98%
Londres
92%
Lisbonne
90%
Madrid
89%
Berlin
86%
Brasilia
86%
Buenos Aires
86%
Tokyo
86%
Washington
86%
Rabat
82%
Mexico
81%
Amsterdam
79%
Berne
78%
Bruxelles
78%
Canberra
78%
Copenhague
78%
Zagreb
76%
Tunis
75%
Dakar
74%
Varsovie
74%
Ottawa
71%
Doha
69%
Montévidéo
66%
Seoul
56%
Cardiff
52%
Riyad
50%
Yaoundé
50%
Belgrade
47%
Quito
46%
Téhéran
43%
Accra
38%
San José
37%
Aucun quiz correspondant
Distribution des résultats
% des personnes avec chaque résultat
Percentile par nombre de réponses
Votre historique - résultats
Vous n’avez pas pris ce quiz